Greek Mythology A-Z - Statistics

General Stats
  • This quiz has been taken 59 times
  • The average score is 15 of 26
Answer Stats
Letter Hint Answer % Correct
Z King of Gods Zeus
94%
Q Title of Hera Queen
89%
W Dionysus is the god of _____ Wine
89%
F What Prometheus gave to humanity Fire
87%
Y Color of Helios' robe Yellow
87%
J Hero who found the golden fleece Jason
85%
R Narcissus fell in love with his own _____ Reflection
83%
L Where the Minotaur was kept Labyrinth
79%
V Nike is the goddess of _____ Victory
79%
G Snake-haired being who can turn you into stone Gorgon
74%
A Mortal cursed to be a spider Arachne
68%
I Home of Odysseus Ithaca
66%
H Goddess of hearth Hestia
64%
T Deepest place of the underworld Tartarus
64%
P Eating 6 of these bounded Persephone to Hades Pomegranate
62%
S Goddess of the Moon Selene
62%
C The wisest centaur Chiron
60%
O Musician who went to Hades to retrieve his wife Orpheus
55%
E Goddess of strife Eris
51%
B Hero who killed the Chimera Bellerophon
36%
K Muse of epic poetry Kalliope
26%
U Muse of astronomy Urania
26%
D Oak tree nymph/spirit Dryads
17%
M Soldiers of Achilles Myrmidons
17%
N Island where Ariadne was abandoned Naxos
15%
X One of Diomedes' mares Xanthus
6%
No matching quizzes found
Score Distribution
Percent of People with Each Score
Percentile by Number Answered
Your Score History
You have not taken this quiz